| 000 | 00471nam a2200169Ia 4500 | ||
|---|---|---|---|
| 008 | 230917s9999||||xx |||||||||||||| ||und|| | ||
| 020 | _cRS1595 | ||
| 040 |
_e231996 _aMAIN |
||
| 041 | _aEnglish | ||
| 082 | _a394.1 T738T | ||
| 100 | _aTripathi, Satendra | ||
| 245 | 0 | _aTasting tourism: Travelling for food and drink | |
| 260 |
_aNew Delhi _bRandom Publications _c2015 |
||
| 300 | _a293 p. | ||
| 500 | _a2288 11/02/2016 HBD15/1719 01/03/2016 Main Budget | ||
| 942 | _cBK | ||
| 999 |
_c18288 _d18288 |
||